Rock & Roll Hall of Fame- Sudden Death #3 - Statistics

General Stats
  • This quiz has been taken 121 times
  • The average score is 9 of 20
Answers on the Grid
Answers color-coded by a green-red scale on the quiz's grid according to % correct below.
Willie Nelson
Country Joe and the Fish
Oasis
Genesis
The Monkees
Foreigner
Whitney Houston
Luther Vandross
The Cars
The White Stripes
The Animals
Madonna
Black Sabbath
Bob Seger
Traffic
Sheryl Crow
The Guess Who
Linda Ronstadt
The Go Gos
Bad Company
Motorhead
Bonnie Raitt
Martha and the Vandellas
Run D.M.C.
ZZ Top
The Jackson Five
Beastie Boys
Air Supply
Jan and Dean
The Moody Blues
 
Answer Stats
Answer % Correct
Willie Nelson
76%
Black Sabbath
63%
Madonna
62%
Genesis
60%
Whitney Houston
60%
Foreigner
56%
The Animals
55%
ZZ Top
52%
The Jackson Five
51%
Beastie Boys
50%
The Cars
48%
Run D.M.C.
44%
Bob Seger
43%
Sheryl Crow
37%
Linda Ronstadt
35%
Martha and the Vandellas
33%
Bonnie Raitt
32%
The Moody Blues
32%
The Go Gos
30%
Traffic
27%
No matching quizzes found
Score Distribution
Percent of People with Each Score
Percentile by Number Answered
Your Score History
You have not taken this quiz